000
00276nam a2200097Ia 4500
005
20251222114342.0
008
251222s1900||||xx |||||||||||||| ||spa||
082
_a
DVD0196/L45C/2006
245
0
_a
Ceremonia de graduación: Promoción 2006 - I "Dr. Gian Corrado Peluso":
942
_c
DVD
999
_c
906
_d
906